[Event "BL2 West 1920 (Women)"]
[Site "Germany"]
[Date "2020.02.16"]
[Round "7.3"]
[White "Glinzner, Alva"]
[Black "Ciolacu, Alessia Mihaela"]
[Result "0-1"]
[WhiteElo "1916"]
[BlackElo "2069"]
[PlyCount "72"]
[EventDate "2019.09.14"]
[EventType "team-tourn"]
[EventRounds "7"]
[EventCountry "GER"]
[SourceTitle "EXT 2021"]
[Source "ChessBase"]
[SourceDate "2020.10.23"]
[SourceVersion "1"]
[SourceVersionDate "2020.10.23"]
[SourceQuality "1"]
[WhiteTeam "Luebeck (W)"]
[BlackTeam "Hemer (W)"]
[WhiteTeamCountry "GER"]
[BlackTeamCountry "GER"]

1. e4 e5 2. Nf3 Nc6 3. Bb5 Nf6 4. d3 Bc5 5. 0-0 d6 6. c3 0-0 7. Nbd2 a6 8. Ba4 Ba7 9. Bc2 Ne7 10. Nc4 b5 11. Ne3 Bb7 12. Re1 Ng6 13. Nf5 Re8 14. h3 d5 15. Qe2 c5 16. Bg5 h6 17. Bh4 Qb6 18. Nh2 Nxh4 19. Nxh4 c4 20. dxc4 Nxe4 21. Ng4 Ng5 22. Nf3 dxc4 23. Nxg5 hxg5 24. Ne3 g6 25. Qg4 Qf6 26. Rad1 Rad8 27. Qe2 Qc6 28. Qg4 Qf6 29. Qe2 Kg7 30. Ng4 Qc6 31. Qf1 Rxd1 32. Bxd1 e4 33. Ne3 Bb8 34. g3 f5 35. Qg2 Rd8 36. h4 Qf6 0-1

[Event "GER-chT Lands U20"]
[Site "Wuerzburg"]
[Date "2019.10.06"]
[Round "7.2"]
[White "Glinzner, Alva"]
[Black "Hommer, Jeremy"]
[Result "0-1"]
[WhiteElo "1916"]
[BlackElo "2133"]
[PlyCount "136"]
[EventDate "2019.10.01"]
[EventType "team-swiss"]
[EventRounds "7"]
[EventCountry "GER"]
[SourceTitle "EXT 2020"]
[Source "ChessBase"]
[SourceDate "2019.10.17"]
[SourceVersion "1"]
[SourceVersionDate "2019.10.17"]
[SourceQuality "1"]
[WhiteTeam "Schleswig Holstein"]
[BlackTeam "Niedersachsen"]
[WhiteTeamCountry "GER"]
[BlackTeamCountry "GER"]

1. e4 c6 2. Nf3 d5 3. Nc3 dxe4 4. Nxe4 Nf6 5. Qe2 Nxe4 6. Qxe4 Nd7 7. Bc4 Nf6 8. Ne5 e6 9. Qe2 Bd6 10. d4 h6 11. c3 0-0 12. 0-0 Qe7 13. Bf4 Bd7 14. Rad1 Rac8 15. Rd3 Kh8 16. Rfd1 Rcd8 17. Rh3 Ng8 18. Bd3 Be8 19. Bc2 f6 20. Qe4 g5 21. Bc1 Bxe5 22. dxe5 Rxd1+ 23. Bxd1 f5 24. Qc4 b5 25. Qd4 c5 26. Qd2 Kg7 27. Rd3 Qf7 28. Rd6 Ne7 29. Bf3 Nc8 30. Rd3 Qc7 31. Qe3 f4 32. Qe2 Bg6 33. Rd2 a6 34. c4 b4 35. b3 Rd8 36. g3 fxg3 37. fxg3 Ne7 38. Rxd8 Qxd8 39. Be3 Qc7 40. Qf2 Qxe5 41. Bxc5 Qa1+ 42. Kg2 Nf5 43. Bxb4 h5 44. Qd2 Kh7 45. Bc3 Qb1 46. Qd7+ Kh6 47. Bd2 h4 48. Qd8 Qxa2 49. Qh8+ Bh7 50. Qf8+ Kg6 51. Qe8+ Kg7 52. Qd7+ Kf6 53. Qd8+ Ke5 54. Be2 Qxb3 55. Qa5+ Kf6 56. Bc3+ Kg6 57. Qe5 Qb7+ 58. Bf3 Qf7 59. c5 hxg3 60. hxg3 Kh6 61. Qe1 Bg6 62. c6 Qc7 63. Qh1+ Nh4+ 64. gxh4 g4 65. Bd2+ Kh7 66. Bxg4 Be4+ 67. Bf3 Bxf3+ 68. Kxf3 Qxc6+ 0-1

[Event "GER-chT Lands U20"]
[Site "Wuerzburg"]
[Date "2019.10.04"]
[Round "4.2"]
[White "Bakiev, Diyor"]
[Black "Glinzner, Alva"]
[Result "1/2-1/2"]
[WhiteElo "2088"]
[BlackElo "1916"]
[PlyCount "82"]
[EventDate "2019.10.01"]
[EventType "team-swiss"]
[EventRounds "7"]
[EventCountry "GER"]
[SourceTitle "EXT 2020"]
[Source "ChessBase"]
[SourceDate "2019.10.17"]
[SourceVersion "1"]
[SourceVersionDate "2019.10.17"]
[SourceQuality "1"]
[WhiteTeam "Hessen"]
[BlackTeam "Schleswig Holstein"]
[WhiteTeamCountry "GER"]
[BlackTeamCountry "GER"]

1. e4 c6 2. d4 d5 3. exd5 cxd5 4. c4 Nf6 5. Nc3 g6 6. Qb3 Bg7 7. cxd5 0-0 8. Nge2 Nbd7 9. g3 Nb6 10. Bg2 Ne8 11. 0-0 Nd6 12. Bf4 a6 13. a4 Bf5 14. a5 Nbc8 15. Rfd1 Qd7 16. Rac1 h6 17. Qa4 Qd8 18. b4 g5 19. Be3 Bg6 20. Qb3 Rb8 21. Na4 Nb5 22. Nec3 Ncd6 23. Nb6 Nxc3 24. Rxc3 Bf5 25. Rcc1 Nb5 26. Qb2 Nd6 27. Qe2 Nb5 28. Kh1 Qd6 29. Qd2 Rfd8 30. f4 g4 31. Bf2 Qg6 32. Re1 Bf6 33. Rcd1 Bc2 34. Rc1 Bf5 35. Rcd1 Bc2 36. Rc1 Bf5 37. Na4 Qg7 38. Be4 Bxe4+ 39. Rxe4 Rxd5 40. Nb6 Rdd8 41. d5 Qg6 1/2-1/2

[Event "GER-ch U16 Girls"]
[Site "Willingen"]
[Date "2019.06.13"]
[Round "7"]
[White "Glinzner, Alva"]
[Black "Bardorz, Jana"]
[Result "1/2-1/2"]
[WhiteElo "1810"]
[BlackElo "1769"]
[PlyCount "107"]
[EventDate "2019.06.08"]
[EventType "swiss"]
[EventRounds "9"]
[EventCountry "GER"]
[SourceTitle "CBM 191 Extra"]
[Source "ChessBase"]
[SourceDate "2019.09.30"]
[SourceVersion "1"]
[SourceVersionDate "2019.09.30"]
[SourceQuality "1"]

1. e4 e5 2. Nf3 Nc6 3. Bb5 a6 4. Bxc6 dxc6 5. 0-0 f6 6. d4 exd4 7. Nxd4 c5 8. Ne2 Qxd1 9. Rxd1 Bd7 10. Nbc3 0-0-0 11. Be3 Bd6 12. f3 Ne7 13. Nf4 b6 14. Nfd5 Kb7 15. Nxe7 Bxe7 16. Nd5 Bd6 17. Rd2 Be5 18. Rad1 Be6 19. b3 c6 20. Nf4 Rxd2 21. Rxd2 Bc8 22. Nh5 g6 23. Ng3 Kc7 24. f4 Bd6 25. Kf2 Rd8 26. Kf3 Be6 27. c4 b5 28. Rc2 Kb6 29. Ne2 Be7 30. g4 g5 31. f5 Bf7 32. Ng3 Rh8 33. Bf2 h5 34. Nxh5 Bxh5 35. gxh5 Rxh5 36. Bg3 Rh8 37. Kg4 Rd8 38. Bf2 Bd6 39. b4 bxc4 40. a4 a5 41. bxa5+ Kxa5 42. Rxc4 Bxh2 43. Rxc5+ Kxa4 44. Rxc6 Be5 45. Re6 Kb5 46. Rxe5+ fxe5 47. f6 Kc4 48. Kxg5 Kd3 49. Kf5 Rf8 50. Bh4 Kd4 51. Bg5 Rf7 52. Ke6 Rxf6+ 53. Bxf6 Kxe4 54. Bxe5 1/2-1/2

[Event "GER-ch U16 Girls"]
[Site "Willingen"]
[Date "2019.06.09"]
[Round "1"]
[White "Fock, Amina"]
[Black "Glinzner, Alva"]
[Result "1-0"]
[WhiteElo "1723"]
[BlackElo "1810"]
[PlyCount "78"]
[EventDate "2019.06.08"]
[EventType "swiss"]
[EventRounds "9"]
[EventCountry "GER"]
[SourceTitle "CBM 191 Extra"]
[Source "ChessBase"]
[SourceDate "2019.09.30"]
[SourceVersion "1"]
[SourceVersionDate "2019.09.30"]
[SourceQuality "1"]

1. e4 c6 2. d4 d5 3. Nd2 dxe4 4. Nxe4 Bf5 5. Ng3 Bg6 6. h4 h6 7. Nf3 Nd7 8. h5 Bh7 9. Bd3 Bxd3 10. Qxd3 Ngf6 11. Bf4 e6 12. 0-0-0 Nd5 13. Bd2 N7f6 14. Kb1 Bd6 15. Ne5 Qc7 16. Qe2 Nd7 17. Nxd7 Qxd7 18. Nf5 Bf8 19. Ng3 0-0-0 20. c4 Nf6 21. Bf4 b6 22. Ne4 Be7 23. c5 Kb7 24. Nd6+ Bxd6 25. Bxd6 Ne8 26. Be5 Qd5 27. Rh3 f6 28. Ra3 b5 29. Bg3 Ra8 30. Re1 Qxd4 31. Qxe6 Rd8 32. Bd6 Nc7 33. Qf7 Rc8 34. Rae3 Qd5 35. Re7 Qd3+ 36. Ka1 Ka6 37. Bxc7 Qd2 38. Bb8 Ka5 39. Qb3 b4 1-0

[Event "BL2 West 1819 (Women)"]
[Site "Germany"]
[Date "2019.01.12"]
[Round "6.2"]
[White "Glinzner, Alva"]
[Black "Moenster, Madita"]
[Result "0-1"]
[WhiteElo "1874"]
[BlackElo "1895"]
[PlyCount "96"]
[EventDate "2018.10.27"]
[EventType "team-tourn"]
[EventRounds "7"]
[EventCountry "GER"]
[SourceTitle "CBM 190 Extra"]
[Source "ChessBase"]
[SourceDate "2019.07.15"]
[SourceVersion "1"]
[SourceVersionDate "2019.07.15"]
[SourceQuality "1"]
[WhiteTeam "Luebeck (W)"]
[BlackTeam "Delmenhorst (W)"]
[WhiteTeamCountry "GER"]
[BlackTeamCountry "GER"]

1. e4 c5 2. Nf3 d6 3. Bb5+ Nc6 4. Bxc6+ bxc6 5. 0-0 Bg4 6. d3 e5 7. Nbd2 Be7 8. Nc4 Nf6 9. h3 Bh5 10. Ne3 0-0 11. Qe2 Re8 12. Nf5 Bf8 13. Kh1 Nd7 14. g4 Bg6 15. Ng3 Be7 16. Kg2 Nf8 17. Rh1 Bh4 18. Be3 Ne6 19. Qd2 d5 20. Nxh4 Qxh4 21. Qc1 Qf6 22. h4 h6 23. f3 Nd4 24. Qd1 Rab8 25. b3 Qd6 26. Rc1 Red8 27. Qg1 a5 28. a4 Ne6 29. Qf1 f6 30. Rg1 Bf7 31. Nf5 Qc7 32. Kh1 Kh7 33. g5 fxg5 34. hxg5 h5 35. Nh4 g6 36. Qh3 Re8 37. Qh2 c4 38. bxc4 dxc4 39. dxc4 Rb4 40. Ra1 Rxc4 41. Nf5 Rd8 42. Ng3 Nd4 43. Nxh5 Rh8 44. Bxd4 Rxd4 45. Nf4+ Kg7 46. Nh3 Be6 47. Rg3 Qd7 48. Kg1 Rd2 0-1

[Event "GER-chT U14"]
[Site "Magdeburg"]
[Date "2018.12.27"]
[Round "2.1"]
[White "Glinzner, Alva"]
[Black "Lutz, Ruben"]
[Result "0-1"]
[WhiteElo "1889"]
[BlackElo "2037"]
[PlyCount "112"]
[EventDate "2018.12.27"]
[EventType "team-swiss"]
[EventRounds "7"]
[EventCountry "GER"]
[SourceTitle "CBM 188 Extra"]
[Source "ChessBase"]
[SourceDate "2019.02.26"]
[SourceVersion "1"]
[SourceVersionDate "2019.02.26"]
[SourceQuality "1"]
[WhiteTeam "Luebeck"]
[BlackTeam "Dresden TU"]
[WhiteTeamCountry "GER"]
[BlackTeamCountry "GER"]

1. e4 e6 2. d4 d5 3. Nd2 c5 4. exd5 exd5 5. Ngf3 Nc6 6. dxc5 Bxc5 7. Bd3 Nf6 8. 0-0 0-0 9. h3 Re8 10. Nb3 Bd6 11. Be3 Ne4 12. Nbd4 Qe7 13. Re1 Ne5 14. Be2 Bd7 15. c3 Nc4 16. Bc1 Qf6 17. Rf1 Rac8 18. Nc2 Qg6 19. Nh4 Qf6 20. Nf3 Bc5 21. Nfd4 Qb6 22. Ne3 Nxb2 23. Bxb2 Qxb2 24. Nxd5 Nxc3 25. Nxc3 Qxc3 26. Nb3 Be6 27. Nxc5 Qxc5 28. Bf3 b6 29. Qd2 Red8 30. Qf4 Qd4 31. Qg5 h6 32. Qg3 Qb2 33. Rfb1 Qc2 34. Re1 Rd2 35. Be4 Qb2 36. a3 Qd4 37. a4 Rd8 38. Qf3 Bd5 39. Bxd5 Qxd5 40. Qe3 Qd4 41. Qf3 a5 42. Rf1 Re8 43. Rab1 Re6 44. Qg3 Qxa4 45. Qb8+ Kh7 46. Rxb6 Rxb6 47. Qxb6 Rd1 48. Rxd1 Qxd1+ 49. Kh2 a4 50. Qe3 Qb3 51. Qe4+ g6 52. Qe5 a3 53. Qe7 a2 54. Qf6 Qe6 55. Qb2 Qa6 56. Qa1 Qa3 0-1

[Event "Youth District Germany"]
[Site "Wuerzburg"]
[Date "2018.10.05"]
[Round "5.5"]
[White "Pubantz, Jan"]
[Black "Glinzner, Alva"]
[Result "1-0"]
[WhiteElo "2084"]
[BlackElo "1787"]
[PlyCount "83"]
[EventDate "2018.10.02"]
[EventType "team-swiss"]
[EventRounds "7"]
[EventCountry "GER"]
[SourceTitle "CBM 186 Extra"]
[Source "ChessBase"]
[SourceDate "2018.08.24"]
[SourceVersion "1"]
[SourceVersionDate "2018.08.24"]
[SourceQuality "1"]
[WhiteTeam "Niedersachsen U20"]
[BlackTeam "Schleswig Holstein U20"]
[WhiteTeamCountry "GER"]
[BlackTeamCountry "GER"]

1. d4 Nf6 2. c4 e6 3. Nf3 d5 4. g3 Be7 5. Bg2 0-0 6. 0-0 c6 7. Qc2 Nbd7 8. Nbd2 b6 9. e4 Bb7 10. e5 Ne8 11. cxd5 cxd5 12. Re1 Rc8 13. Qa4 Bc6 14. Qb3 b5 15. Bf1 b4 16. Bd3 Nb6 17. Bb1 Bb5 18. Nf1 a5 19. h4 h6 20. N1h2 Qc7 21. Ng4 Ba4 22. Qe3 Bc2 23. Nxh6+ gxh6 24. Qxh6 Bxb1 25. Rxb1 Qc2 26. Bg5 Bxg5 27. Nxg5 Ng7 28. h5 Nd7 29. g4 f6 30. Rbc1 Qd3 31. Rxc8 Rxc8 32. exf6 Nxf6 33. Qxf6 Rf8 34. Qe5 Qd2 35. Qe3 Rxf2 36. Qxf2 Qxg5 37. Qg2 Qf4 38. Rd1 Qe3+ 39. Kh1 Qf4 40. Rf1 Qg5 41. Qf3 Qe7 42. Qf6 1-0

[Event "EU Union-ch U14"]
[Site "Kouty nad Desnou"]
[Date "2018.08.07"]
[Round "1"]
[White "Mierins, Emils Janis"]
[Black "Glinzner, Alva"]
[Result "0-1"]
[WhiteElo "1326"]
[BlackElo "1854"]
[PlyCount "158"]
[EventDate "2018.08.07"]
[EventType "swiss"]
[EventRounds "9"]
[EventCountry "CZE"]
[SourceTitle "CBM 186 Extra"]
[Source "ChessBase"]
[SourceDate "2018.08.24"]
[SourceVersion "1"]
[SourceVersionDate "2018.08.24"]
[SourceQuality "1"]

1. d4 Nf6 2. Nf3 e6 3. Bf4 d5 4. e3 c5 5. c3 Nc6 6. Nbd2 b6 7. Bd3 Bb7 8. Qc2 Rc8 9. 0-0 Be7 10. Ne5 cxd4 11. Nxc6 Bxc6 12. exd4 Bd6 13. Bg3 0-0 14. Rfe1 h6 15. Nf3 Bb7 16. Qe2 Ne4 17. Bxd6 Qxd6 18. Ne5 Rc7 19. f3 Nf6 20. Bc2 Nd7 21. Qd3 f5 22. Qe3 Nxe5 23. Qxe5 Qxe5 24. Rxe5 Rf6 25. Rae1 Kf7 26. a4 Bc6 27. Kf2 g5 28. h4 Rc8 29. hxg5 hxg5 30. Rh1 Kg7 31. Rh5 Kg6 32. g4 Rcf8 33. Rh1 Kg7 34. gxf5 exf5 35. Bb3 a5 36. Bxd5 Bxa4 37. Re7+ Kg6 38. Rhh7 Rd6 39. Ba2 Be8 40. Reg7+ Kf6 41. Rh6+ Kxg7 42. Rxd6 Rf6 43. Rd8 Kf8 44. d5 Ke7 45. Rb8 Rd6 46. Rb7+ Bd7 47. c4 Kf6 48. Rb8 Ke5 49. Rg8 g4 50. Rg5 Kf4 51. Rg7 gxf3 52. Rg3 Rh6 53. Rxf3+ Ke5 54. Kg2 Kd4 55. b3 Rh4 56. Bb1 Rg4+ 57. Kf2 Ke5 58. Re3+ Kf6 59. Bd3 Rh4 60. Bf1 f4 61. Re1 Bg4 62. Bg2 Rh2 63. Kg1 Rh7 64. Kf2 Re7 65. Rxe7 Kxe7 66. Bf3 Bf5 67. Ke1 Kd6 68. Kd2 Kc5 69. Kc3 Bg6 70. Kb2 Be8 71. Kc3 Bd7 72. Bh5 Bh3 73. Bf3 Bf1 74. Kc2 a4 75. Kb2 axb3 76. d6 Kxd6 77. Kxb3 Kc5 78. Kc3 Bxc4 79. Bg2 Be2 0-1

[Event "GER-ch U14 Girls"]
[Site "Willingen"]
[Date "2018.05.26"]
[Round "9"]
[White "Brunner, Sophia"]
[Black "Glinzner, Alva"]
[Result "0-1"]
[WhiteElo "1769"]
[BlackElo "1799"]
[PlyCount "140"]
[EventDate "2018.05.19"]
[EventType "swiss"]
[EventRounds "9"]
[EventCountry "GER"]
[SourceTitle "CBM 184 Extra"]
[Source "ChessBase"]
[SourceDate "2018.06.28"]
[SourceVersion "1"]
[SourceVersionDate "2018.06.28"]
[SourceQuality "1"]

1. d4 d5 2. e3 Bf5 3. Be2 e6 4. Nf3 Bd6 5. c4 c6 6. Nc3 Nd7 7. Bd3 Bxd3 8. Qxd3 Ngf6 9. 0-0 0-0 10. b3 Re8 11. cxd5 exd5 12. Bb2 Ne4 13. Ne2 Bc7 14. Ng3 Qf6 15. Nd2 Qh6 16. Ndxe4 Rxe4 17. f4 Ree8 18. Qe2 Nf6 19. h3 Qg6 20. Qf3 h5 21. Rfe1 h4 22. Nh1 Qc2 23. Qf2 Qh7 24. Qf3 Qf5 25. g4 hxg3 26. Qxg3 Re6 27. Nf2 Rae8 28. Kf1 Nh5 29. Qg4 Rxe3 30. Rxe3 Rxe3 31. Qxf5 Ng3+ 32. Kg2 Nxf5 33. Bc1 Re2 34. Kf1 Re8 35. Bb2 Bxf4 36. Kg2 Nh4+ 37. Kf1 Be3 38. Re1 Re6 39. Ng4 Bf4 40. Rd1 Nf5 41. Kf2 Ne3 42. Rd3 Nxg4+ 43. hxg4 Re4 44. Kf3 Kh7 45. Rd1 Kg6 46. Rh1 Bg5 47. Rg1 Bf6 48. Rd1 Bg5 49. b4 Re3+ 50. Kf2 Bf4 51. Bc1 Re4 52. Bb2 Kg5 53. Rh1 Be3+ 54. Kf3 Bxd4 55. Bc1+ Kg6 56. a3 Bc3 57. Rh2 a5 58. bxa5 Bxa5 59. Rb2 b5 60. Rc2 Rc4 61. Rxc4 bxc4 62. Kf4 Bc7+ 63. Ke3 c5 64. Kf3 f5 65. a4 fxg4+ 66. Kxg4 c3 67. Kf3 Kf5 68. Ba3 c4 69. Bb4 d4 70. a5 c2 0-1

[Event "GER-ch U14 Girls"]
[Site "Willingen"]
[Date "2018.05.23"]
[Round "5"]
[White "Wagner, Victoria"]
[Black "Glinzner, Alva"]
[Result "0-1"]
[WhiteElo "1681"]
[BlackElo "1799"]
[PlyCount "50"]
[EventDate "2018.05.19"]
[EventType "swiss"]
[EventRounds "9"]
[EventCountry "GER"]
[SourceTitle "CBM 184 Extra"]
[Source "ChessBase"]
[SourceDate "2018.06.28"]
[SourceVersion "1"]
[SourceVersionDate "2018.06.28"]
[SourceQuality "1"]

1. e4 c6 2. d4 d5 3. exd5 cxd5 4. Bd3 Nc6 5. c3 Qc7 6. h3 e6 7. Nf3 Nf6 8. Be3 Bd6 9. Nbd2 h6 10. Qc2 Bd7 11. Rc1 Rc8 12. Qb1 0-0 13. 0-0 Qb8 14. Rfe1 Rfd8 15. Nb3 b6 16. Nbd2 Rc7 17. Kh1 Bc8 18. a3 Bb7 19. b4 Rcc8 20. Nb3 Ne7 21. Ne5 Ne4 22. Bxe4 dxe4 23. Nd2 Bxe5 24. dxe5 Rd3 25. Bd4 Rxd2 0-1